000 00652nam a22002297a 4500
003 UA-OsUOA
001 95836
007 ta
008 20130311b un ||||| |||| 00| 0 ukr d
100 _aІрасек А.
090 _a821.162.3
_bІ-77
942 _cBK
040 _aUA-OsUOA
_bukr
_cUA-OsUOA
_dUA-OsUOA
245 _aСкалаки
_bісторична картина з другої половини 18 століття
300 _a244 с.
955 _a3
041 _aukr
080 _a821.162.3
260 _aК.
_bДніпро
_c1967
650 7 _a82 Література. Літературознавство
_2UDC
999 _c382085
_d382085